01056cam a22002531 4500001001300000003000400013005001700017008004100034010001700075035001900092040005000111042001200161050002500173110003600198245010700234260004800341300003100389490002600420500021700446650003800663700002800701810005600729999001700785l 34000104 DLC20260227111534.0800521s1934 dcua f000 0 eng c al 34000104  a(OCoLC)6342895 aLibrary, U.S. Dept. of LaborcOCldOCoLCdDLC apremarc00aHD6093b.A35 no. 1151 aUnited States.bWomen's Bureau.10aWomen at work;ba century of industrial change ...cUnited States Department of Labor. Women's Bureau. aWashington,bU.S. Govt. print. off.,c1934. aiii, 60 p.billus.c18 cm.1 aIts Bulletinvno. 115 a"Written for distribution at the Century of progress, Chicago, in 1933, by Eleanor Nelson ... For the 1934 continuation of the Century of progress, Miss Nelson has added a chapter on women and the N.R.A."--p. ii. 0aWomenxEmploymentzUnited States.1 aNelson, Eleanor,d1906-1 aUnited States.bWomen's Bureau.tBulletinvno. 115. c36140d36140